000 00849nam a2200253 4500
003 MX-MxINE
005 20260601193905.0
008 260509b1997 uxx||||| |||| 00| 0 eng d
020 _a0789710609
040 _aICI
_bspa
_cICI
_erda
050 _aTK5105.888 W43 1997
100 _eautor
245 _aWeb design resources directory
_btools and techniques for designing your web pages
300 _a350 paginas:
_bilustraciones
336 _2rdacontent
_atexto
337 _2rdamedia
_asin medio
338 _2rdacarrier
_avolumen
500 _aGuía de herramientas, recursos y técnicas para el diseño y desarrollo de páginas web.
650 _aDiseño de páginas web
650 _aInternet
_xDiseño gráfico
_934385
650 _aInternet
_xDiseño gráfico
_934385
650 _aPublicaciones electrónicas
_934386
942 _2lcc
_n1
_cB
999 _c22366
_d22366